=LDR 00000nam 2200000 4500 =001 INLIS000000000051904 =005 20221114062423 =035 ##$$a 0010-0118000092 =007 ta =008 221114################g##########0#ind## =020 ##$$a 978 - 602 - 317 - 224 - 5 =082 ##$$a 380.5 =084 ##$$a 380.5 ROS p =100 #$$a Rosnendya Wiguna =245 1#$$a Petualangan seru mengenal 26 transportasi keren : $b Tercepat,termewah,terbesar /$c Rosnendya Wiguna =260 ##$$a Surakarta :$b Visi Mandiri,$c 2016 =300 ##$$a 119 hlm. : $b Ilus ; $c 24 cm. =650 #4$$a Transportasi =700 #$$a Tin Zulaeha =504 ##$$a Bibliografi ; hlm. 118 =990 ##$$a 21706545 =990 ##$$a 21706544 =990 ##$$a 21706543 =990 ##$$a 21706542 =990 ##$$a 21706541 =990 ##$$a 21706541 =990 ##$$a 21706545 =990 ##$$a 21706544 =990 ##$$a 21706543 =990 ##$$a 21706542 =990 ##$$a 21706542 =990 ##$$a 21706545 =990 ##$$a 21706544 =990 ##$$a 21706543 =990 ##$$a 21706541 =990 ##$$a 21706543 =990 ##$$a 21706545 =990 ##$$a 21706544 =990 ##$$a 21706542 =990 ##$$a 21706541 =990 ##$$a 21706544 =990 ##$$a 21706545 =990 ##$$a 21706543 =990 ##$$a 21706542 =990 ##$$a 21706541 =990 ##$$a 21706545 =990 ##$$a 21706544 =990 ##$$a 21706543 =990 ##$$a 21706542 =990 ##$$a 21706541